000 00573nam a2200229Ia 4500
003 OSt
005 20221005122420.0
006 a|||||r|||| 00| 0
007 ta
008 221004b |||||||| |||| 00| 0 tam d
024 _a52299
037 _cTextual
040 _aCRL
_cCRL
_btam
041 _2tam
_atam
082 _aV211y7N03, 31L5
100 _aSundaravadivelu
_9224744
245 0 _aJhalai varul manikkam
260 _c1975
650 _aHISTORY
942 _hV211y7N03, 31L5
_cTEXL
_2cc
999 _c1044224
_d1044224